000 00278nam a2200097Ia 4500
008 220204s9999 xx 000 0 und d
082 _a633.72:06.055.5
_bREP
245 0 _aReport on the working of the tea, coffee and rubber. 1956-57
260 _bMinistry of Commerce
942 _cBK
999 _c23582
_d23582